| 000 | 00635nam a22001937a 4500 | ||
|---|---|---|---|
| 005 | 20250115162759.0 | ||
| 010 | _aENG-143480 | ||
| 020 |
_a8185396183 _c995.00 |
||
| 035 | _aEN-127012 | ||
| 037 | _bDBAD | ||
| 082 | _a954.01 | ||
| 100 |
_aRay Ardhendu Sekhar _976649 |
||
| 245 |
_aCrafts and Technology in Ancient India/ _cBy Ardhendu Sekhar Ray |
||
| 260 |
_aIX/5572, West Seelampur Gandhi Nagar, Delhi _bS. S. Publishers |
||
| 270 |
_aIX/5572, West Seelampur Gandhi Nagar, Delhi _bDelhi _e110031 _k2433202 |
||
| 300 |
_axxv,199p. _c22cm(pb) _bMap Pictures |
||
| 700 | _976628 | ||
| 942 |
_2ddc _cEN _mRay _h954.01 |
||
| 999 |
_c208541 _d208541 |
||